Central Library OPAC University of Rajshahi

Pesticide resistance : (Record no. 36663)

MARC details
000 -LEADER
fixed length control field 01082nam a2200265 a 4500
001 - CONTROL NUMBER
control field 36663
003 - CONTROL NUMBER IDENTIFIER
rucl marc code BD-RjUL
005 - DATE AND TIME OF LATEST TRANSACTION
control field 20211209052521.0
008 - FIXED-LENGTH DATA ELEMENTS--GENERAL INFORMATION
fixed length control field 140806s1986 dcu b 101 0 eng
020 ## - INTERNATIONAL STANDARD BOOK NUMBER
International Standard Book Number 0309036275 (pbk.)
035 ## - SYSTEM CONTROL NUMBER
System control number (BD-RjUL)36764
040 ## - CATALOGING SOURCE
Original cataloging agency DLC
Transcribing agency DLC
Modifying agency DLC
-- BD-RjUL
Language of cataloging eng
041 ## - LANGUAGE CODE
Language code of text/sound track or separate title eng
082 00 - DEWEY DECIMAL CLASSIFICATION NUMBER
Classification number 363.78
Edition number 19
Author mark and year PES 1986
245 00 - TITLE STATEMENT
Title Pesticide resistance :
Remainder of title strategies and tactics for management /
Statement of responsibility, etc. Committee on Strategies for the Management of Pesticide Resistant Pest Populations, Board on Agriculture, National Research Council.
260 ## - PUBLICATION, DISTRIBUTION, ETC. (IMPRINT)
Place of publication, distribution, etc. Washington, D.C. :
Name of publisher, distributor, etc. National Academy Press,
Date of publication, distribution, etc. 1986.
300 ## - PHYSICAL DESCRIPTION
Pagination xi, 471 p. ;
Size 23 cm.
500 ## - GENERAL NOTE
General note Contains papers from a symposium held in Washington, Nov. 27-29, 1984.
504 ## - BIBLIOGRAPHY, ETC. NOTE
Bibliography, etc Includes bibliographies and index.
650 #0 - SUBJECT ADDED ENTRY--TOPICAL TERM
Topical term or geographic name as entry element Pesticide resistance
General subdivision Congresses.
9 (RLIN) 111788
710 2# - ADDED ENTRY--CORPORATE NAME
Corporate name or jurisdiction name as entry element National Research Council (U.S.).
Subordinate unit Committee on Strategies for the Management of Pesticide Resistant Pest Populations.
9 (RLIN) 111789
942 ## - ADDED ENTRY ELEMENTS (KOHA)
Source of classification or shelving scheme Dewey Decimal Classification
Koha item type Books
Holdings
Lost status Source of classification or shelving scheme Damaged status Not for loan Permanent Location Current Location Shelving location Date acquired Total Checkouts Full call number Date last seen Copy number Koha item type
  Dewey Decimal Classification   Not For Loan Institute of Biological Sciences (IBSc) Library Institute of Biological Sciences (IBSc) Library   06/08/2014   363.78 PES 1986 06/08/2014 C-1 Books